000 00286nam a22001337a 4500
008 170503b xxu||||| |||| 00| 0 eng d
020 _a9951402208
041 _aeng
080 _a342
100 _a13
101 _aSHJ
245 _aTE DREJTAT ENJERIUT
_cOSMANI.N
942 _2udc
_cBK
999 _c12506
_d12506